Primates in peril (Registro nro. 7146)
[ vista simple ]
| 000 -CABECERA | |
|---|---|
| Campo de control | 01372nam a2200433 a 4500 |
| 005 - FECHA Y HORA DE LA ULTIMA TRANSACCION | |
| Campo de control | 20160114045003.0 |
| 008 - ELEMENTOS DE LONGITUD FIJA—INFORMACION GENERAL | |
| Campo de control | 160114t2009 ck ||||gr|||| 00| 0 spa d |
| 020 ## - ISBN | |
| ISBN | 9781934151341 |
| 040 ## - FUENTE DE CATALOGACIÓN | |
| Agencia catalogadora original | CO-BoIAVH |
| Agencia transcriptora | CO-BoIAVH |
| 041 ## - IDIOMA | |
| Código de idioma para texto/pista de sonido o título separado | Inglés |
| 082 #4 - NUMERO DE CLASIFICACION DECIMAL DEWEY | |
| Número de clasificación | 333.9522 |
| Número del ítem | M68p |
| 100 1# - ASIENTO PRINCIPAL--NOMBRE PERSONAL | |
| Nombre personal | Mittermeier, Russell A. |
| 9 (RLIN) | 6443 |
| 245 1# - MENCION DE TITULO | |
| Título | Primates in peril |
| Parte restante del título | the worlds 25 most endangered primates 2008-2010 |
| 260 ## - PUBLICACION, DISTRIBUCION, ETC. (PIE DE IMPRENTA) | |
| Lugar de publicación, distribución, etc. | Arlington |
| Nombre del editor, distribuidor, etc. | Conservation International |
| Fecha de publicación, distribución, etc. | 2009 |
| 300 ## - DESCRIPCION FISICA | |
| Extensión | 84 paginas.: |
| Otros detalles físicos | ilustraciones; |
| Dimensiones | 28 x 21 cm. |
| 650 #4 - ASIENTO SECUNDARIO DE MATERIA - TERMINO TEMATICO | |
| Término temático o nombre geográfico como elemento de entrada | Primates |
| 9 (RLIN) | 50699 |
| 650 #4 - ASIENTO SECUNDARIO DE MATERIA - TERMINO TEMATICO | |
| Término temático o nombre geográfico como elemento de entrada | Especies en peligro |
| 9 (RLIN) | 50700 |
| 650 #4 - ASIENTO SECUNDARIO DE MATERIA - TERMINO TEMATICO | |
| Término temático o nombre geográfico como elemento de entrada | África |
| Subdivisión general | Primates |
| 9 (RLIN) | 50701 |
| 650 #4 - ASIENTO SECUNDARIO DE MATERIA - TERMINO TEMATICO | |
| Término temático o nombre geográfico como elemento de entrada | Asia |
| Subdivisión general | Primates |
| 9 (RLIN) | 50702 |
| 662 ## - ASIENTO SECUNDARIO DE MATERIA - JERARQUIA DEL NOMBRE DE LUGAR( | |
| País o entidad mayor | Madagascar |
| 662 ## - ASIENTO SECUNDARIO DE MATERIA - JERARQUIA DEL NOMBRE DE LUGAR( | |
| País o entidad mayor | Africa |
| 662 ## - ASIENTO SECUNDARIO DE MATERIA - JERARQUIA DEL NOMBRE DE LUGAR( | |
| País o entidad mayor | Asia |
| 662 ## - ASIENTO SECUNDARIO DE MATERIA - JERARQUIA DEL NOMBRE DE LUGAR( | |
| Jurisdicción política intermedia | Región neotropical |
| 700 1# - ASIENTO SECUNDARIO - NOMBRE PERSONAL | |
| Nombre personal | Wallis, Janette |
| 9 (RLIN) | 50703 |
| 700 1# - ASIENTO SECUNDARIO - NOMBRE PERSONAL | |
| Nombre personal | Rylands, Anthony B. |
| 9 (RLIN) | 50704 |
| 700 1# - ASIENTO SECUNDARIO - NOMBRE PERSONAL | |
| Nombre personal | Ganzhorn, Jorg U. |
| 9 (RLIN) | 50705 |
| 700 1# - ASIENTO SECUNDARIO - NOMBRE PERSONAL | |
| Nombre personal | Oates, John F. |
| 9 (RLIN) | 50706 |
| 700 1# - ASIENTO SECUNDARIO - NOMBRE PERSONAL | |
| Nombre personal | Williamson, Elizabeth A. |
| 9 (RLIN) | 50707 |
| 700 1# - ASIENTO SECUNDARIO - NOMBRE PERSONAL | |
| Nombre personal | Palacios, Erwin |
| 9 (RLIN) | 50708 |
| 700 1# - ASIENTO SECUNDARIO - NOMBRE PERSONAL | |
| Nombre personal | Heyman, Eckhard W. |
| 9 (RLIN) | 50709 |
| 700 1# - ASIENTO SECUNDARIO - NOMBRE PERSONAL | |
| Nombre personal | Kierulff, M.Cecilia M. |
| 9 (RLIN) | 50710 |
| 700 1# - ASIENTO SECUNDARIO - NOMBRE PERSONAL | |
| Nombre personal | Yongcheng, Long |
| 9 (RLIN) | 50711 |
| 700 1# - ASIENTO SECUNDARIO - NOMBRE PERSONAL | |
| Nombre personal | Supriatna, Jatna |
| 9 (RLIN) | 50712 |
| 700 1# - ASIENTO SECUNDARIO - NOMBRE PERSONAL | |
| Nombre personal | Roos, Christian |
| 9 (RLIN) | 50713 |
| 700 1# - ASIENTO SECUNDARIO - NOMBRE PERSONAL | |
| Nombre personal | Walker, Sally |
| 9 (RLIN) | 50714 |
| 700 1# - ASIENTO SECUNDARIO - NOMBRE PERSONAL | |
| Nombre personal | Cortés Ortiz, Liliana |
| 9 (RLIN) | 9973 |
| 700 1# - ASIENTO SECUNDARIO - NOMBRE PERSONAL | |
| Nombre personal | Schwitzer, Chrstoph |
| 9 (RLIN) | 50715 |
| 942 ## - ELEMENTOS ADICIONALES (KOHA) | |
| Tipo de ítem | Libro |
| Sistema de clasificación | Dewey Decimal Classification |
| Withdrawn status | Lost status | Sistema de Clasificación | Damaged status | No para préstamo | Colección | Inventariado | Ubicación Permanente | Ubicación actual | Fecha de adquisición | Fuente de Valor | Valor | Total Checkouts | Número topográfico | Inventario / Código de Barras | Date last seen | Ejemplar | Price effective from | Forma de adquisición | Tipo de material |
|---|---|---|---|---|---|---|---|---|---|---|---|---|---|---|---|---|---|---|---|
| Dewey Decimal Classification | General | Inventariado 2017 | Bogotá | Bogotá | 06/11/2009 | Instituto | 39000.00 | LB-333.9522 M68p | 027541 | 04/12/2012 | Ej.1 | 04/12/2012 | Libro |